Interpretácia básnického textu - medzi teóriou, kritikou a literatúrou

Bibliographic Details
Main Author: Matejov, Fedor (Author)
Format: Article
Language:Slovak

MARC

LEADER 00000nab a2200000uu 4500
001 vtls011536752
003 SK-MaSNL
005 20260303154335.0
008 230222|2011 xo |||||||||||||||||slo|
015 |a SNBRB 
035 |a (urnnbn)urn:nbn:sk:snk:ar-004zjq 
035 |a (uuid)3b5fa707-20eb-496d-9a94-e4974c48c1df 
035 |a urn:nbn:sk:snk-abevuo 
040 |a SNKBUCL  |b slo  |c SNKBUCL  |e AACR2 
041 0 |a slo 
044 |a xo  |c SK 
100 1 |a Matejov, Fedor  |4 aut  |9 785366 
245 1 0 |a Interpretácia básnického textu - medzi teóriou, kritikou a literatúrou  |c Fedor Matejov 
773 0 |t Slovenská literatúra  |g Roč. 58, č. 5 (2011), s. 409-416 
954 |a odborná, vedecká literatúra pôvodná (slovenská)  |2 lita 
958 |a OND 
958 |a EUIPO 
958 |a article22 
999 |c 2033605  |d 2035535